000 00875nam a2200253Ia 4500
003 OSt
005 20221005104927.0
006 a|||||r|||| 00| 0
007 ta
008 221004b |||||||| |||| 00| 0 hin d
020 _a8185999597 (hbk)
_c2750
024 _a88629
037 _b459, 25/03/2008, Swaraj Prakashan
_cTextual
040 _aCRL
_cCRL
_bhin
041 _2hin
_ahin
082 _aR3xN9, 152P4
100 _aचतुर्वेदी, जगदीश्वर
245 0 _aउत्तर आधुनिकवाद
246 _aUttar ādhunikavāda
260 _aदिल्ली
_bस्वराज प्रकाशन
_c2004
300 _a392चण्
_ccm.
942 _hR3xN9, 152P4
_cTEXL
_2cc
999 _c1014215
_d1014215